Collected poems of Hugh MacDiarmid [pseud.].

Bibliographic Details
Main Author: MacDiarmid, Hugh, 1892-1978
Format: Book
Language:English
Published: New York : Macmillan, 1962.

MARC

Tag First Indicator Second Indicator Subfields
LEADER 00000cam a2200000 4500
001 in00000027463
005 20151007061347.0
008 730810s1962 nyua 00010 eng
010 |a  61013340  
035 |a (OCoLC)00675707 
035 |9 AAD1872AM 
040 |a DLC  |c YNG  |d TXA  |d UtOrBLW 
049 |a TXAM  |c [344190] 
050 0 |a PR6013.R735  |b A17 1962 
092 |a 821  |b G848c 
100 1 |a MacDiarmid, Hugh,  |d 1892-1978. 
245 1 0 |a Collected poems of Hugh MacDiarmid [pseud.]. 
264 1 |a New York :  |b Macmillan,  |c 1962. 
300 |a 498 pages :  |b illustrations ;  |c 22 cm. 
336 |a text  |b txt  |2 rdacontent 
337 |a unmediated  |b n  |2 rdamedia 
338 |a volume  |b nc  |2 rdacarrier 
999 |a MARS 
999 f f |s 1c2a1bfd-9c90-398b-999d-e70cabe35dc4  |i a2007654-328c-388a-9858-b0aa029aa73a  |t 0 
952 f f |p ric  |a Texas A&M University  |b Rellis Campus  |c Joint Library Facility  |d Remote Storage  |t 0  |e PR6013.R735 A17 1962  |h Library of Congress classification  |i unmediated -- volume  |m A14801280325 
998 f f |a PR6013.R735 A17 1962  |t 0  |l Remote Storage